Manual of laboratory methods for chemical analysis of rubber effluent (Record no. 35331)

MARC details
000 -LEADER
fixed length control field 00315nam a2200109Ia 4500
082 ## - DEWEY DECIMAL CLASSIFICATION NUMBER
Classification number NR:62:628.31
Item number ISA
100 ## - MAIN ENTRY--AUTHOR NAME
Personal name Isa, Zaid
245 #0 - TITLE STATEMENT
Title Manual of laboratory methods for chemical analysis of rubber effluent
260 ## - PUBLICATION, DISTRIBUTION, ETC. (IMPRINT)
Place of publication Kuala Lumpur
Name of publisher RRIM
Year of publication 1980
942 ## - ADDED ENTRY ELEMENTS (KOHA)
Koha item type Reference
Holdings
Withdrawn status Lost status Damaged status Not for loan Home library Current library Date acquired Full call number Accession Number Koha item type
        RRII Library RRII Library 16/12/2021 NR:62:628.31 ISA 15757 Books